Murder in the cathedral

Bewaard in:
Bibliografische gegevens
Hoofdauteur: ELIOT, THOMAS STEARNS (Auteur)
Formaat: Boek
Taal:Engels
Gepubliceerd in: Londres Faber and Faber 1938
Onderwerpen:
Tags: Voeg label toe
Geen labels, Wees de eerste die dit record labelt!

MARC

LEADER 00000nam a2200000 a 4500
001 UCQ3854
003 CL-VaPUC
008 980828e19380000UK |||||||||||||||||eng|d
082 0 4 |a 822  |b ELI  |2 21 
100 |a ELIOT, THOMAS STEARNS  |e author  |9 265954 
245 1 0 |a Murder in the cathedral 
300 |a 88 p 
942 |c BK 
945 |d 19980828 00:00:00  |a crobeson 
260 |a Londres  |b Faber and Faber  |c 1938 
650 0 |a Dramas ingleses  |9 269396 
650 0 |a Literatura inglesa  |9 312907 
583 |a last modification  |c 19980828 00:00:00  |k Rodrigo Vera 
999 |c 274365  |d 274363 
952 |0 0  |1 0  |4 0  |6 822_000000000000000_ELI_1938  |7 0  |8 A  |9 310520  |a BIBEDU  |b BIBEDU  |d 2019-11-20  |i 1459015  |o 822 ELI 1938  |p 1459015  |r 2019-11-20  |w 2019-11-20  |y BK  |k LIT